| 000 | 02174nam a2200409 i 4500 | ||
|---|---|---|---|
| 001 | 000013531 | ||
| 003 | DO-SdBNP | ||
| 005 | 20250903141459.0 | ||
| 006 | a||||gr|||| 00| 0 | ||
| 007 | ta | ||
| 008 | 091125e2005 dr ab 001 0 spa d | ||
| 020 | _a9992456256 | ||
| 040 |
_aDO-SdBNP _bspa _cBNPHU _erda |
||
| 082 | 4 |
_aR615.11 _bF233v, 2005 _222 |
|
| 245 | 0 | 0 |
_aFarmacopea vegetal caribeña / _ceditor L. Germosén Robineau; dibujos, Sésar Rodríguez, Daniel Ortega. |
| 250 | _aSegunda edición actualizada. | ||
| 264 | 1 |
_aSanto Domingo : _benda-caribe, _bUNAN-León, _c2005 |
|
| 300 |
_a487 páginas ; _bilustraciones mapas ; _c28 cm. |
||
| 336 |
_2rdacontent _atexto _btxt |
||
| 337 |
_2rdamedia _asin mediación _bn |
||
| 338 |
_2rdacarrier _avolumen _bnc |
||
| 504 | _aBibliográfia: páginas 471 -473 | ||
| 505 | 2 | _aPrincipales apoyos institucionales -- Preámbulo -- Instituciones participantes en la validación científica -- Prólogo -- Introducción -- Datos metodológicos sobre las encuestas -- Herbarios dónde se encuentran los vouchers TRAMIL -- Listado de las encuestas TRAMIL -- Particularidades botánicas de la cuenca del Caribe -- Estrategia TRAMIL de calidad, seguridad y eficacia -- Ensayos farmacológicos para validación de usos -- Principios de clasificación TRAMIL -- Recomendaciones generales -- Modelo explicativo de una monografía TRAMIL -- Monografías -- Índice de especies y sus sinónimos --Índice de familias botánicas - Índice de nombres vernáculos -- Índice de problemas de salud -- Índice geográfico -- Mapa TRAMIL. | |
| 590 | _aInventariado 2024 / MF | ||
| 650 | 4 |
_aFarmacopeas _zCaribe (Región{Rpara} _930861 |
|
| 650 | 4 |
_aPlantas medicinales _921554 |
|
| 650 | 4 |
_aBotánica médica _921557 |
|
| 650 | 4 |
_aPlantas Medicinales _921554 |
|
| 650 | 4 |
_aTaxonomía Vegetal _91516 |
|
| 700 | 1 |
_aGermosén Robinieau, L. _930862 _eeditor |
|
| 700 | 1 |
_aRodríguez, Sésar, _edibujos _986279 |
|
| 700 | 1 |
_aOrtega, Daniel, _975144 _edibujos |
|
| 710 | 2 |
_aMedio ambiente y desarrollo en el Caribe (enda-caribe). _921788 |
|
| 710 | 2 |
_aUniversidad Nacional Autónoma de Nicaragua. _986280 |
|
| 910 | _aMF | ||
| 942 |
_2ddc _cLBS1 |
||
| 999 |
_c13154 _d13154 |
||